Statistiques concernant Pays les plus proches de l'Arménie

Cliquez ici pour prendre le quiz!

Statistiques générales

  • Ce quiz a été pris 115 fois
  • Le résultat moyen est 16 sur 20

Statistiques - réponses

kmpays% Correct
0Türkiye
99%
110Russie
95%
222Irak
94%
0Iran
94%
0Azerbaïdjan
92%
0Géorgie
92%
335Syrie
88%
1047Israël
84%
881Liban
83%
533Kazakhstan
80%
785Ukraine
79%
821Ouzbékistan
78%
529Turkménistan
78%
925Arabie Saoudite
76%
887Jordanie
76%
980Koweït
65%
935Chypre
64%
1248Bulgarie
62%
1202Roumanie
62%
1161Palestine
18%

Distribution des résultats

Percentile par nombre de réponses

% des personnes avec chaque résultat

Votre développement - résultats

Vous n’avez pas pris ce quiz